[Event "GBR-ch 100th"]
[Site "Torquay"]
[Date "2013.08.07"]
[Round "9"]
[White "Wang, Maria"]
[Black "Collier, David"]
[Result "0-1"]
[WhiteElo "1817"]
[BlackElo "2086"]
[PlyCount "118"]
[EventDate "2013.07.29"]
[EventType "swiss"]
[EventRounds "11"]
[EventCountry "GBR"]
[Source "John Saunders"]
[SourceDate "2015.07.24"]

1. e4 c5 2. Nf3 d6 3. d4 cxd4 4. Nxd4 Nf6 5. Nc3 a6 6. Be3 e6 7. Be2 b5 8. Bf3
e5 9. Nb3 Bb7 10. a4 b4 11. Nd5 Nxd5 12. exd5 a5 13. Be2 Ba6 14. Bxa6 Rxa6 15.
Qd3 Ra8 16. Qb5+ Nd7 17. O-O Be7 18. Rfc1 O-O 19. c3 f5 20. cxb4 axb4 21. a5
Rb8 22. Qc4 f4 23. Bd2 f3 24. Ra4 Qe8 25. Qg4 Rf6 26. Rxb4 Rxb4 27. Bxb4 Nf8
28. Bd2 Qf7 29. Qe4 Qh5 30. Rc3 fxg2 31. Rg3 Rg6 32. Qf3 Qh4 33. Kxg2 Qc4 34.
Nc1 e4 35. Qb3 Qc8 36. Qc3 Qf5 37. Qb3 Bh4 38. a6 Rf6 39. Qe3 Bxg3 40. hxg3
Qxd5 41. Qb3 Qxb3 42. Nxb3 Ne6 43. Ba5 Rf7 44. Bb6 Nc7 45. a7 Na8 46. Bd4 Rb7
47. Na5 Rb4 48. Bc3 Rb5 49. b4 g6 50. Nc4 d5 51. Nd6 Rb6 52. Nc8 Rb7 53. Kf1
Rc7 54. b5 Rxc8 55. Ba5 Rc2 56. b6 Rb2 57. Ke1 Kf7 58. Kd1 d4 59. Kc1 Rb5 0-1

[Event "GBR-ch 100th"]
[Site "Torquay"]
[Date "2013.08.07"]
[Round "9"]
[White "Ward, Christopher"]
[Black "Tambini, Jasper"]
[Result "0-1"]
[WhiteElo "2432"]
[BlackElo "1979"]
[PlyCount "84"]
[EventDate "2013.07.29"]
[EventType "swiss"]
[EventRounds "11"]
[EventCountry "GBR"]
[Source "John Saunders"]
[SourceDate "2015.07.24"]

1. d4 d5 2. c4 e6 3. Nc3 Nf6 4. cxd5 exd5 5. Bg5 Be7 6. e3 Nbd7 7. Qc2 c6 8.
Bd3 O-O 9. Nf3 h6 10. Bf4 Re8 11. h3 Nf8 12. O-O-O Ne6 13. Be5 b5 14. Kb1 a5
15. g4 Nd7 16. Ne2 Qb6 17. h4 a4 18. g5 h5 19. Bh7+ Kh8 20. Bg6 Rf8 21. Bxh5 b4
22. Qf5 Nd8 23. Qd3 Ba6 24. Qd2 Bc4 25. Nc1 Ne6 26. Bg4 Rfb8 27. Bxb8 Rxb8 28.
b3 axb3 29. axb3 c5 30. g6 Ra8 31. Ng5 Qa6 32. Qb2 Bxb3 33. Nxb3 c4 34. gxf7
cxb3 35. Bxe6 Qc4 36. Qc1 Ra1+ 37. Kb2 Ra2+ 38. Kb1 Qa6 39. f8=Q+ Nxf8 40. Nf7+
Kh7 41. Ng5+ Kg6 42. Bf5+ Kf6 0-1

[Event "GBR-ch 100th"]
[Site "Torquay"]
[Date "2013.08.07"]
[Round "9"]
[White "Warman, Simon M"]
[Black "Ledger, David"]
[Result "1-0"]
[WhiteElo "2093"]
[BlackElo "2305"]
[PlyCount "55"]
[EventDate "2013.07.29"]
[EventType "swiss"]
[EventRounds "11"]
[EventCountry "GBR"]
[Source "John Saunders"]
[SourceDate "2015.07.24"]

1. e4 e5 2. Nf3 Nc6 3. Bb5 a6 4. Ba4 Nf6 5. O-O Be7 6. Nc3 b5 7. Bb3 d6 8. Nd5
Nxe4 9. d4 Nf6 10. Re1 Bg4 11. Nxf6+ gxf6 12. dxe5 dxe5 13. Bd5 Nd4 14. Nxd4
Bxd1 15. Bc6+ Kf8 16. Bh6+ Kg8 17. Raxd1 Bf8 18. Nf5 Bxh6 19. Rxd8+ Rxd8 20.
Nxh6+ Kg7 21. Nf5+ Kg6 22. Be4 Rd2 23. h4 Kh5 24. Re3 Kg4 25. Rg3+ Kf4 26. f3
h5 27. Rg7 Rhd8 28. g3# 1-0

[Event "GBR-ch 100th"]
[Site "Torquay"]
[Date "2013.08.07"]
[Round "9"]
[White "Waters, Clive L"]
[Black "Moss, Guy"]
[Result "0-1"]
[WhiteElo "2129"]
[BlackElo "2018"]
[PlyCount "74"]
[EventDate "2013.07.29"]
[EventType "swiss"]
[EventRounds "11"]
[EventCountry "GBR"]
[Source "John Saunders"]
[SourceDate "2015.07.24"]

1. Nf3 Nf6 2. c4 c6 3. d4 d5 4. Nc3 dxc4 5. a4 Bf5 6. e3 e6 7. Bxc4 Bb4 8. O-O
O-O 9. Qe2 Nbd7 10. e4 Bg6 11. Bd3 c5 12. e5 Nd5 13. Nxd5 exd5 14. Bxg6 hxg6
15. Ng5 Qe7 16. Qf3 Rfd8 17. Qh3 Nf8 18. f4 f6 19. f5 fxg5 20. f6 gxf6 21. exf6
Qf7 22. Bxg5 Nh7 23. Bh6 cxd4 24. Rf4 Re8 25. Bg7 Re4 26. Rf3 Re3 27. Rc1 Rae8
28. Qh4 Rxf3 29. gxf3 Bd2 30. Rc5 Be3+ 31. Kg2 d3 32. Rc3 Bg5 33. Qg3 d2 34.
Rc7 Re2+ 35. Kh3 Qe6+ 36. Qg4 Qxg4+ 37. fxg4 Bxf6 0-1

[Event "GBR-ch 100th"]
[Site "Torquay"]
[Date "2013.08.07"]
[Round "9"]
[White "Weaving, Richard"]
[Black "Emms, John M"]
[Result "1/2-1/2"]
[WhiteElo "2196"]
[BlackElo "2469"]
[PlyCount "170"]
[EventDate "2013.07.29"]
[EventType "swiss"]
[EventRounds "11"]
[EventCountry "GBR"]
[Source "John Saunders"]
[SourceDate "2015.07.24"]

1. e4 c5 2. Nc3 g6 3. Nf3 Bg7 4. d4 cxd4 5. Nxd4 Nc6 6. Be3 Nf6 7. Bc4 Qa5 8.
O-O O-O 9. Nb3 Qc7 10. Bg5 a6 11. a4 d6 12. Bxf6 exf6 13. Nd5 Qd8 14. Nd2 f5
15. c3 Rb8 16. b4 Be6 17. Ra3 Rc8 18. exf5 Bxf5 19. Be2 Ne7 20. Nxe7+ Qxe7 21.
Nc4 Be6 22. Qxd6 Rfe8 23. Qxe7 Rxe7 24. Ne3 Bxc3 25. Rb1 Rec7 26. a5 Bd2 27. b5
Rc1+ 28. Rxc1 Rxc1+ 29. Nf1 axb5 30. Bxb5 Bb4 31. Ra4 Be1 32. a6 bxa6 33. Bxa6
Rc2 34. f3 Bf2+ 35. Kh1 Rc1 36. Rb4 h5 37. Bd3 Bf5 38. Bb5 Kg7 39. Rb2 Bc5 40.
Rd2 Kf6 41. h3 Be3 42. Rb2 h4 43. Kh2 Bf4+ 44. g3 Be5 45. Rf2 Rb1 46. Ba6 Rb6
47. Bc4 Rb4 48. Ba6 hxg3+ 49. Nxg3 Rh4 50. Bf1 Bf4 51. Rb2 Rh8 52. Rb4 Ke5 53.
Bg2 Rc8 54. Rb2 Kd4 55. Bf1 Rh8 56. Bg2 Re8 57. Bf1 Re1 58. Ba6 Ra1 59. Bb5 Ra5
60. Bf1 Ra1 61. Bb5 Be5 62. Rd2+ Kc5 63. Be2 Bf4 64. Rb2 Rb1 65. Rxb1 Bxb1 66.
Kg2 Kd4 67. Bb5 g5 68. Ne2+ Ke5 69. Nxf4 Kxf4 70. Bc6 Bf5 71. Bb7 Bd7 72. Ba8
Be6 73. Bb7 Ke3 74. Kg3 f5 75. Bc6 f4+ 76. Kg2 Kd4 77. Be8 Ke3 78. Bc6 Bc4 79.
Bb7 Ke2 80. h4 gxh4 81. Kh3 Be6+ 82. Kxh4 Ke3 83. Kg5 Bh3 84. Bc6 Bg2 85. Kg4
Bf1 1/2-1/2

[Event "GBR-ch 100th"]
[Site "Torquay"]
[Date "2013.08.07"]
[Round "9"]
[White "Weller, Jean Luc"]
[Black "Kosten, Anthony C"]
[Result "1/2-1/2"]
[WhiteElo "2172"]
[BlackElo "2458"]
[PlyCount "98"]
[EventDate "2013.07.29"]
[EventType "swiss"]
[EventRounds "11"]
[EventCountry "GBR"]
[Source "John Saunders"]
[SourceDate "2015.07.24"]

1. d4 Nf6 2. c4 e6 3. Nc3 Bb4 4. Qc2 Nc6 5. Nf3 d6 6. Bd2 O-O 7. a3 Bxc3 8.
Bxc3 Qe7 9. e4 e5 10. d5 Nd4 11. Nxd4 exd4 12. Bxd4 Nxe4 13. O-O-O Nc5 14. Bxc5
dxc5 15. Bd3 h6 16. Rde1 Qd6 17. g3 Bd7 18. f4 Rfe8 19. Qc3 c6 20. Re5 f6 21.
Rxe8+ Rxe8 22. Bg6 Rf8 23. Be4 Re8 24. Qd3 b6 25. Rd1 Bg4 26. Bf3 Bxf3 27. Qxf3
cxd5 28. Qxd5+ Qxd5 29. Rxd5 Re2 30. Rd2 Re4 31. b3 h5 32. Rd8+ Kf7 33. Kd2 Re7
34. f5 g6 35. fxg6+ Kxg6 36. Rd5 f5 37. h4 Kf6 38. b4 cxb4 39. axb4 Re4 40. Kc3
Re3+ 41. Rd3 Rxd3+ 42. Kxd3 Ke5 43. Ke3 a5 44. c5 a4 45. cxb6 Kd6 46. Kd3 Kc6
47. Kc3 Kxb6 48. Kb2 Kc6 49. Ka2 Kb6 1/2-1/2

[Event "GBR-ch 100th"]
[Site "Torquay"]
[Date "2013.08.07"]
[Round "9"]
[White "Yeo, Michael J"]
[Black "Longson, Alexander"]
[Result "0-1"]
[WhiteElo "2170"]
[BlackElo "2279"]
[PlyCount "78"]
[EventDate "2013.07.29"]
[EventType "swiss"]
[EventRounds "11"]
[EventCountry "GBR"]
[Source "John Saunders"]
[SourceDate "2015.07.24"]

1. e4 c5 2. Nf3 d6 3. d4 cxd4 4. Nxd4 Nf6 5. Nc3 a6 6. Bg5 e6 7. f4 Be7 8. Qf3
Qc7 9. O-O-O Nbd7 10. Bd3 h6 11. Qh3 Nb6 12. Nf3 e5 13. f5 Bd7 14. Rhe1 O-O-O
15. Bxf6 Bxf6 16. Nd5 Nxd5 17. exd5 Kb8 18. Be4 Rc8 19. Kb1 a5 20. Nd2 Bg5 21.
Qd3 a4 22. Qa3 Qc5 23. Qxc5 Rxc5 24. Nf3 a3 25. b3 Bd8 26. Re3 Ba5 27. g4 f6
28. Nd2 b5 29. Re2 Bc8 30. Rc1 Bb7 31. c4 Rhc8 32. Bf3 Bxd2 33. Rxd2 bxc4 34.
bxc4 Rxc4 35. Rxc4 Rxc4 36. Be2 Rc3 37. Bd1 Kc7 38. Bb3 Kb6 39. Bc2 Kc5 0-1

[Event "GBR-ch 100th"]
[Site "Torquay"]
[Date "2013.08.07"]
[Round "9"]
[White "Zhou, Yang Fan"]
[Black "Carr, Neil L"]
[Result "1-0"]
[WhiteElo "2469"]
[BlackElo "2290"]
[PlyCount "77"]
[EventDate "2013.07.29"]
[EventType "swiss"]
[EventRounds "11"]
[EventCountry "GBR"]
[Source "John Saunders"]
[SourceDate "2015.07.24"]

1. e4 c5 2. Nf3 d6 3. d4 cxd4 4. Nxd4 Nf6 5. Nc3 g6 6. Be3 Bg7 7. f3 Nc6 8. Qd2
Bd7 9. g4 Ne5 10. O-O-O b5 11. Ncxb5 O-O 12. Nc3 Qa5 13. g5 Nxf3 14. gxf6 Nxd2
15. fxg7 Kxg7 16. Rxd2 Rfc8 17. Nb3 Qh5 18. Ba6 Rf8 19. Rg1 f5 20. Bd4+ e5 21.
Bxe5+ dxe5 22. Rxd7+ Rf7 23. Rxf7+ Kxf7 24. exf5 Qxh2 25. fxg6+ hxg6 26. Rd1
Kg7 27. Nc5 Rb8 28. b3 Rb4 29. Kb2 Rh4 30. N5e4 Kh6 31. Rd8 Qf4 32. Bd3 g5 33.
Nd5 Qf3 34. Rd6+ Kg7 35. Nxg5 Qh1 36. Rg6+ Kf8 37. Ne6+ Ke8 38. Rg7 Qxd5 39.
Bg6# 1-0

[Event "GBR-ch 100th"]
[Site "Torquay"]
[Date "2013.08.08"]
[Round "10"]
[White "Arkell, Keith C"]
[Black "Gordon, Stephen J"]
[Result "1/2-1/2"]
[WhiteElo "2444"]
[BlackElo "2521"]
[PlyCount "42"]
[EventDate "2013.07.29"]
[EventType "swiss"]
[EventRounds "11"]
[EventCountry "GBR"]
[Source "John Saunders"]
[SourceDate "2015.07.24"]

1. d4 Nf6 2. Nf3 d5 3. c4 e6 4. Nc3 c6 5. cxd5 exd5 6. Bg5 h6 7. Bh4 Bf5 8. e3
Nbd7 9. Bd3 Bxd3 10. Qxd3 Bd6 11. O-O O-O 12. Rfe1 Re8 13. e4 dxe4 14. Nxe4 Be7
15. Bxf6 Nxf6 16. Nxf6+ Bxf6 17. Rxe8+ Qxe8 18. Qb3 Qd7 19. Ne5 Bxe5 20. dxe5
Rd8 21. h3 b6 1/2-1/2

[Event "GBR-ch 100th"]
[Site "Torquay"]
[Date "2013.08.08"]
[Round "10"]
[White "Bonafont, Philip"]
[Black "Oyama, Akito"]
[Result "0-1"]
[WhiteElo "2084"]
[BlackElo "1966"]
[PlyCount "86"]
[EventDate "2013.07.29"]
[EventType "swiss"]
[EventRounds "11"]
[EventCountry "GBR"]
[Source "John Saunders"]
[SourceDate "2015.07.24"]

1. d4 f5 2. Bf4 Nf6 3. e3 e6 4. Nf3 Be7 5. h3 O-O 6. Nbd2 d6 7. Bd3 Qe8 8. g4
Bd8 9. Qe2 Nc6 10. gxf5 exf5 11. O-O-O Kh8 12. c3 Be6 13. Rhg1 Nh5 14. Bg5 Bd5
15. Nh4 g6 16. Kb1 Ng7 17. Nhf3 a6 18. Bh6 b5 19. h4 Rg8 20. Bxg7+ Rxg7 21. h5
Qf7 22. b3 Bf6 23. hxg6 hxg6 24. Rg3 Re8 25. Rh1+ Kg8 26. Rgh3 Kf8 27. R1h2 Ke7
28. Ne1 Kd7 29. Nc2 Na5 30. Bxb5+ axb5 31. Qxb5+ Nc6 32. c4 Rb8 33. Qa4 Be6 34.
d5 Bxd5 35. cxd5 Qxd5 36. f4 g5 37. Rh7 gxf4 38. exf4 Qc5 39. Qc4 Qxc4 40. Nxc4
Rbg8 41. N4e3 Ke6 42. a3 Rg1+ 43. Ka2 Nb4+ 0-1

[Event "GBR-ch 100th"]
[Site "Torquay"]
[Date "2013.08.08"]
[Round "10"]
[White "Burke, Mitchell R"]
[Black "Surtees, Michael"]
[Result "0-1"]
[WhiteElo "1971"]
[BlackElo "2106"]
[PlyCount "140"]
[EventDate "2013.07.29"]
[EventType "swiss"]
[EventRounds "11"]
[EventCountry "GBR"]
[Source "John Saunders"]
[SourceDate "2015.07.24"]

1. e4 c6 2. d4 d5 3. Nd2 Nh6 4. Ngf3 g6 5. Bd3 Bg7 6. c3 O-O 7. O-O a5 8. Re1
Na6 9. Qe2 Nc7 10. Nf1 Re8 11. Bf4 dxe4 12. Bxe4 Nd5 13. Bd2 Nf5 14. Bd3 a4 15.
Ne5 Qb6 16. Rab1 c5 17. Nc4 Qc7 18. dxc5 Qxc5 19. Ng3 Nxg3 20. hxg3 Be6 21. Ne5
Red8 22. Bc2 Nb4 23. cxb4 Qxc2 24. Bf4 Qxe2 25. Rxe2 Bxa2 26. Rc1 f6 27. Nf3 e5
28. Be3 Rd7 29. Rec2 Rad8 30. Rc7 Kf7 31. Nd2 Bd5 32. R1c5 Bc6 33. Rxd7+ Rxd7
34. b5 Bd5 35. Nc4 Bf8 36. Rc8 Be6 37. Kh2 Bxc4 38. Rxc4 a3 39. bxa3 Bxa3 40.
g4 Ke6 41. b6 Be7 42. Rc8 Bd8 43. Kg3 Kd5 44. Kf3 Rd6 45. Rb8 Kc6 46. Rc8+ Kb5
47. Rb8 Rd7 48. Ke4 Bxb6 49. Bxb6 Kxb6 50. Rf8 Rd4+ 51. Kf3 Rf4+ 52. Ke3 f5 53.
gxf5 Rxf5 54. Rh8 h5 55. g3 Rg5 56. Ke4 Kc5 57. Rc8+ Kb4 58. Kd5 b5 59. Ke6 e4
60. Kf6 Rg4 61. Ke5 Ka3 62. Kd4 e3+ 63. Kxe3 Rc4 64. Ra8+ Kb3 65. Rg8 Rc6 66.
Kd3 b4 67. Rb8 Ka3 68. Ke4 b3 69. Kf4 Rc4+ 70. Kg5 Rg4+ 0-1

[Event "GBR-ch 100th"]
[Site "Torquay"]
[Date "2013.08.08"]
[Round "10"]
[White "Carr, Neil L"]
[Black "Weller, Jean Luc"]
[Result "1/2-1/2"]
[WhiteElo "2290"]
[BlackElo "2172"]
[PlyCount "31"]
[EventDate "2013.07.29"]
[EventType "swiss"]
[EventRounds "11"]
[EventCountry "GBR"]
[Source "John Saunders"]
[SourceDate "2015.07.24"]

1. c4 c5 2. g3 g6 3. Bg2 Bg7 4. Nc3 Nc6 5. Nf3 e6 6. O-O Nge7 7. b3 d5 8. Bb2
O-O 9. Na4 Bxb2 10. Nxb2 b6 11. cxd5 Nxd5 12. Rc1 Bb7 13. d4 Nxd4 14. Nxd4 cxd4
15. Qxd4 Qe7 16. Nd3 1/2-1/2

[Event "GBR-ch 100th"]
[Site "Torquay"]
[Date "2013.08.08"]
[Round "10"]
[White "De Coverly, Roger"]
[Black "Brusey, Alan"]
[Result "1-0"]
[WhiteElo "2036"]
[BlackElo "2020"]
[PlyCount "107"]
[EventDate "2013.07.29"]
[EventType "swiss"]
[EventRounds "11"]
[EventCountry "GBR"]
[Source "John Saunders"]
[SourceDate "2015.07.24"]

1. e4 e6 2. d4 d5 3. Nd2 Nf6 4. e5 Nfd7 5. Ngf3 c5 6. c3 Nc6 7. Bd3 Be7 8. O-O
g5 9. dxc5 Ndxe5 10. Nxe5 Nxe5 11. Bb5+ Bd7 12. Bxd7+ Qxd7 13. Nb3 O-O-O 14.
Qe2 Nc4 15. Nd2 Nxd2 16. Bxd2 Bxc5 17. Bxg5 Be7 18. Bxe7 Qxe7 19. Rfe1 Rhg8 20.
Rad1 Qg5 21. g3 h5 22. Qe5 h4 23. Qxg5 Rxg5 24. f4 Rg4 25. Kf2 Rdg8 26. Re3 Kd7
27. c4 hxg3+ 28. hxg3 Rh8 29. cxd5 exd5 30. Rxd5+ Kc6 31. Rdd3 Rh2+ 32. Kf3 Rg7
33. Rc3+ Kd6 34. Rb3 f6 35. f5 Rh5 36. Rb5 a6 37. Re6+ Kc7 38. Rc5+ Kd7 39. Rb6
Rgg5 40. Kf4 Rh1 41. Rxf6 Rg7 42. Rg6 Rf1+ 43. Kg5 Rf7 44. g4 Rf2 45. Rb6 Rg7+
46. Kh4 Kd8 47. f6 Rg8 48. g5 Rg2 49. Rd6+ Ke8 50. Rc8+ Kf7 51. Rd7+ Ke6 52.
Re7+ Kf5 53. Rxg8 Kf4 54. Kh3 1-0

[Event "GBR-ch 100th"]
[Site "Torquay"]
[Date "2013.08.08"]
[Round "10"]
[White "Duff, Rufus"]
[Black "Anderson, John"]
[Result "1-0"]
[WhiteElo "2157"]
[BlackElo "2189"]
[PlyCount "39"]
[EventDate "2013.07.29"]
[EventType "swiss"]
[EventRounds "11"]
[EventCountry "GBR"]
[Source "John Saunders"]
[SourceDate "2015.07.24"]

1. e4 e6 2. d4 d5 3. Nd2 Nf6 4. e5 Nfd7 5. Bd3 c5 6. c3 Nc6 7. Ne2 cxd4 8. cxd4
f6 9. exf6 Nxf6 10. O-O Bd6 11. Nf3 Qc7 12. Bg5 O-O 13. Bh4 Nh5 14. Qc2 Rxf3
15. Bxh7+ Kh8 16. gxf3 Bxh2+ 17. Kg2 Bf4 18. Bg6 Nf6 19. Bxf6 gxf6 20. Rh1+ 1-0

[Event "GBR-ch 100th"]
[Site "Torquay"]
[Date "2013.08.08"]
[Round "10"]
[White "Eames, Robert"]
[Black "Dilleigh, Steve"]
[Result "1/2-1/2"]
[WhiteElo "2244"]
[BlackElo "2121"]
[PlyCount "124"]
[EventDate "2013.07.29"]
[EventType "swiss"]
[EventRounds "11"]
[EventCountry "GBR"]
[Source "John Saunders"]
[SourceDate "2015.07.24"]

1. d4 d5 2. c4 e6 3. Nc3 Nf6 4. cxd5 exd5 5. Bg5 c6 6. Qc2 Be7 7. e3 Nbd7 8.
Bd3 Nh5 9. Bxe7 Qxe7 10. Nge2 g6 11. O-O-O Nb6 12. Ng3 Ng7 13. Kb1 Be6 14. Rc1
O-O 15. h4 h5 16. Nce2 Rad8 17. Nf4 Qf6 18. Ka1 Nc8 19. Nxe6 Qxe6 20. Qc5 Rfe8
21. e4 dxe4 22. Nxe4 Qe7 23. Qc3 Nd6 24. Ng5 Ne6 25. Nf3 Nf4 26. Rhe1 Qf6 27.
Bf1 Nd5 28. Qc5 a6 29. Re5 Nf5 30. Rce1 Rxe5 31. dxe5 Qe7 32. Qc4 Qb4 33. a3
Qxc4 34. Bxc4 Nf4 35. Ng5 Nd5 36. g3 Nd4 37. Rd1 Ne6 38. Ne4 b5 39. Bxd5 cxd5
40. Rxd5 Rc8 41. Kb1 Kf8 42. Rd6 Nc5 43. Nf6 a5 44. Nd7+ Nxd7 45. Rxd7 Rc5 46.
f4 a4 47. Rd3 Ke7 48. b3 axb3 49. Kb2 f6 50. exf6+ Kxf6 51. Kxb3 Rc4 52. Rd6+
Kf7 53. Rd5 Re4 54. Re5 Rd4 55. Rxb5 Rd3+ 56. Ka2 Rxg3 57. a4 Rg4 58. Rb4 Rxh4
59. a5 Rh2+ 60. Rb2 Rh4 61. Rb4 Rh2+ 62. Rb2 Rh4 1/2-1/2

[Event "GBR-ch 100th"]
[Site "Torquay"]
[Date "2013.08.08"]
[Round "10"]
[White "Eggleston, David"]
[Black "Hegarty, Sarah"]
[Result "1-0"]
[WhiteElo "2363"]
[BlackElo "2124"]
[PlyCount "117"]
[EventDate "2013.07.29"]
[EventType "swiss"]
[EventRounds "11"]
[EventCountry "GBR"]
[Source "John Saunders"]
[SourceDate "2015.07.24"]

1. e4 c5 2. Nf3 d6 3. d4 cxd4 4. Nxd4 Nf6 5. Nc3 a6 6. Be3 e5 7. Nb3 Be7 8. f3
Be6 9. Qd2 O-O 10. O-O-O a5 11. Qe1 Qc8 12. Bb5 Na6 13. Kb1 Nc7 14. g4 Nxb5 15.
Nxb5 a4 16. Nd2 Qc6 17. c4 Bxc4 18. Nxc4 Qxc4 19. Nxd6 Bxd6 20. Rxd6 Rfd8 21.
Rxd8+ Rxd8 22. Qc1 Qd3+ 23. Ka1 Ne8 24. a3 Qb3 25. Re1 g6 26. h4 b5 27. Qc5
Rd1+ 28. Rxd1 Qxd1+ 29. Ka2 Qb3+ 30. Kb1 Qd1+ 31. Bc1 Nd6 32. Qxe5 Nc4 33. Qd5
Qf1 34. h5 gxh5 35. gxh5 h6 36. f4 Qh1 37. Qd8+ Kh7 38. Qd5 Kg7 39. f5 Qh4 40.
Qd4+ Kh7 41. Qd5 Qe7 42. Bf4 f6 43. Qe6 Qd8 44. Qf7+ Kh8 45. Qd5 Qe8 46. Ka2
Qxh5 47. Qd8+ Kg7 48. Qe7+ Qf7 49. Bxh6+ Kg8 50. Qxf7+ Kxf7 51. Bf4 Ke7 52. Kb1
Kd7 53. Kc2 Kc6 54. Kc3 Kc5 55. Bg3 Kc6 56. Bh4 Nd6 57. Kd3 Ne8 58. Kd4 Kd6 59.
Bxf6 1-0

[Event "GBR-ch 100th"]
[Site "Torquay"]
[Date "2013.08.08"]
[Round "10"]
[White "Fernandez, Daniel Howard"]
[Black "Wells, Peter K"]
[Result "0-1"]
[WhiteElo "2346"]
[BlackElo "2479"]
[PlyCount "66"]
[EventDate "2013.07.29"]
[EventType "swiss"]
[EventRounds "11"]
[EventCountry "GBR"]
[Source "John Saunders"]
[SourceDate "2015.07.24"]

1. d4 Nf6 2. c4 e6 3. Nf3 d5 4. cxd5 exd5 5. Nc3 c6 6. Bg5 h6 7. Bh4 Bf5 8. e3
Nbd7 9. Bd3 Bxd3 10. Qxd3 Be7 11. O-O O-O 12. Bxf6 Nxf6 13. a3 a5 14. Rab1 Bd6
15. Qc2 Qe7 16. Rfe1 Rfe8 17. Nd2 Rad8 18. g3 Qd7 19. Kg2 h5 20. Nf3 g6 21. b4
Ra8 22. Na4 Qe7 23. Nc5 Ne4 24. Rec1 axb4 25. axb4 Ra3 26. Rb3 Rxb3 27. Qxb3 g5
28. Nd3 Qf6 29. b5 Qxf3+ 30. Kg1 h4 31. Qb2 hxg3 32. hxg3 Bxg3 33. fxg3 Qxe3+
0-1

[Event "GBR-ch 100th"]
[Site "Torquay"]
[Date "2013.08.08"]
[Round "10"]
[White "Flear, Glenn C"]
[Black "Hawkins, Jonathan"]
[Result "1-0"]
[WhiteElo "2456"]
[BlackElo "2517"]
[PlyCount "125"]
[EventDate "2013.07.29"]
[EventType "swiss"]
[EventRounds "11"]
[EventCountry "GBR"]
[Source "John Saunders"]
[SourceDate "2015.07.24"]

1. d4 Nf6 2. c4 g6 3. Nc3 Bg7 4. e4 d6 5. Be2 O-O 6. Bg5 Na6 7. Qd2 e5 8. d5
Qe8 9. Bd1 Bd7 10. Nge2 Nh5 11. Bc2 f6 12. Be3 f5 13. f3 Nb4 14. Bb1 a5 15. a3
Na6 16. Bc2 a4 17. exf5 gxf5 18. O-O-O Nc5 19. Bxc5 dxc5 20. d6 Be6 21. dxc7
Bxc4 22. Ng3 Nxg3 23. hxg3 b5 24. Nd5 e4 25. Qg5 Bxd5 26. Rxd5 Qf7 27. fxe4
Qxc7 28. exf5 Rf6 29. Rhd1 Kh8 30. Kb1 Rff8 31. f6 Bxf6 32. Rxc5 Qf7 33. Qf5
Ra7 34. Rc8 Rxc8 35. Qxc8+ Kg7 36. Qf5 Kg8 37. Rf1 Re7 38. Be4 Re5 39. Qxe5
Bxe5 40. Rxf7 Kxf7 41. Bxh7 Bd6 42. Be4 b4 43. Ka2 bxa3 44. bxa3 Bxg3 45. Bc6
Ke6 46. Bxa4 Kd5 47. Kb3 Kc5 48. Be8 Bc7 49. g4 Bd8 50. a4 Bg5 51. Kc3 Bd8 52.
Kd3 Kd5 53. Bf7+ Ke5 54. Kc4 Kd6 55. Kb5 Bg5 56. a5 Be3 57. a6 Kc7 58. Bd5 Kd6
59. Bb7 Kc7 60. Kc4 Kd6 61. Kd3 Bb6 62. Ke4 Ke6 63. Bc8+ 1-0

[Event "GBR-ch 100th"]
[Site "Torquay"]
[Date "2013.08.08"]
[Round "10"]
[White "Freeman, Richard"]
[Black "Waters, Clive L"]
[Result "1/2-1/2"]
[WhiteElo "2030"]
[BlackElo "2129"]
[PlyCount "49"]
[EventDate "2013.07.29"]
[EventType "swiss"]
[EventRounds "11"]
[EventCountry "GBR"]
[Source "John Saunders"]
[SourceDate "2015.07.24"]

1. d4 d5 2. Bf4 Nf6 3. e3 c5 4. c3 Nc6 5. Bd3 Qb6 6. Qc1 Nh5 7. Ne2 Nxf4 8.
Nxf4 e6 9. Nd2 Bd7 10. O-O Rc8 11. Nf3 Bd6 12. e4 dxe4 13. dxc5 Bxc5 14. Bxe4
O-O 15. b4 Be7 16. Rd1 Be8 17. Qd2 Qc7 18. Rac1 Rd8 19. Qe3 Rxd1+ 20. Rxd1 b6
21. Bb1 Bf6 22. Nh5 Be7 23. Nf4 Bf6 24. Nh5 Be7 25. Nf4 1/2-1/2

[Event "GBR-ch 100th"]
[Site "Torquay"]
[Date "2013.08.08"]
[Round "10"]
[White "Gill, Oliver"]
[Black "Howell, Christopher"]
[Result "0-1"]
[WhiteElo "1974"]
[BlackElo "2055"]
[PlyCount "100"]
[EventDate "2013.07.29"]
[EventType "swiss"]
[EventRounds "11"]
[EventCountry "GBR"]
[Source "John Saunders"]
[SourceDate "2015.07.24"]

1. e4 e6 2. d4 d5 3. exd5 Qxd5 4. Nc3 Bb4 5. a3 Bxc3+ 6. bxc3 Ne7 7. Nf3 O-O 8.
Bd3 Nd7 9. O-O c5 10. Qe2 Nf6 11. Bg5 cxd4 12. cxd4 Bd7 13. Bxf6 gxf6 14. Be4
Bb5 15. Bxd5 Bxe2 16. Bxb7 Bxf1 17. Bxa8 Bxg2 18. Kxg2 Rxa8 19. Rb1 Rc8 20. Ne1
Nd5 21. Rb7 a6 22. Ra7 Rc6 23. Kf1 Kg7 24. Ke2 Nc3+ 25. Kd3 Nb5 26. Ra8 Rc3+
27. Kd2 Rxa3 28. Rd8 Nc3 29. f3 Nd5 30. c4 Ra2+ 31. Kd3 Nb4+ 32. Kc3 a5 33. Ra8
Ra1 34. Nc2 Rc1 35. Rxa5 Nxc2 36. Kb2 Nxd4 37. Ra4 Rc2+ 38. Kb1 Rxh2 39. c5 Rd2
40. Ra3 e5 41. Rc3 Nc6 42. Kc1 Rd5 43. Kb2 f5 44. Kb3 Rd4 45. Rc1 h5 46. Rg1+
Kf6 47. Rg8 Ke6 48. Rh8 h4 49. Rh6+ Kd5 50. Rf6 Kxc5 0-1

[Event "GBR-ch 100th"]
[Site "Torquay"]
[Date "2013.08.08"]
[Round "10"]
[White "Hackner, Oskar A"]
[Black "Rudd, Jack"]
[Result "0-1"]
[WhiteElo "2063"]
[BlackElo "2280"]
[PlyCount "72"]
[EventDate "2013.07.29"]
[EventType "swiss"]
[EventRounds "11"]
[EventCountry "GBR"]
[Source "John Saunders"]
[SourceDate "2015.07.24"]

1. d4 d6 2. c4 e5 3. d5 f5 4. e4 fxe4 5. Nc3 Nf6 6. Nge2 Bf5 7. Ng3 Bg6 8. h4
c6 9. h5 Bf7 10. Ngxe4 Nxe4 11. Nxe4 cxd5 12. cxd5 Nd7 13. h6 g6 14. Bg5 Qa5+
15. Nc3 Be7 16. Bb5 Bxg5 17. Bxd7+ Kd8 18. Qg4 Be7 19. Rd1 Be8 20. Be6 Rf8 21.
g3 Bb5 22. a4 Qb6 23. Rd2 Ba6 24. Qe4 Bg5 25. Rc2 Qb3 26. Bg4 Bc4 27. Rh2 b6
28. Kd1 a6 29. f4 Bxf4 30. gxf4 Rxf4 31. Qg2 Bd3 32. Bh3 Ra7 33. Qg5+ Ke8 34.
Kc1 Rc7 35. Qg3 Bxc2 36. Rxc2 Rxa4 0-1

[Event "GBR-ch 100th"]
[Site "Torquay"]
[Date "2013.08.08"]
[Round "10"]
[White "Hebden, Mark"]
[Black "Zhou, Yang Fan"]
[Result "1/2-1/2"]
[WhiteElo "2555"]
[BlackElo "2469"]
[PlyCount "134"]
[EventDate "2013.07.29"]
[EventType "swiss"]
[EventRounds "11"]
[EventCountry "GBR"]
[Source "John Saunders"]
[SourceDate "2015.07.24"]

1. d4 Nf6 2. Nf3 g6 3. Nc3 d5 4. Bf4 Bg7 5. Qd2 O-O 6. Bh6 Bxh6 7. Qxh6 c5 8.
e3 cxd4 9. exd4 Nc6 10. h3 Bf5 11. O-O-O Rc8 12. Bd3 Bxd3 13. Rxd3 Nb4 14. Re3
Qa5 15. a3 Rxc3 16. bxc3 Qxa3+ 17. Kd2 Rc8 18. cxb4 Ne4+ 19. Rxe4 dxe4 20. Ne1
Qxb4+ 21. Ke2 Qc4+ 22. Ke3 Rd8 23. Kxe4 Rxd4+ 24. Kf3 Rd1 25. Qe3 a5 26. Kg3
Qc7+ 27. f4 g5 28. Rf1 a4 29. Kh2 gxf4 30. Qf3 Rb1 31. c4 Kf8 32. Qd3 f3+ 33.
g3 Rb2+ 34. Nc2 Qd6 35. Qc3 Qf6 36. Rxf3 Rxc2+ 37. Qxc2 Qxf3 38. Qxa4 Qf2+ 39.
Kh1 Qxg3 40. Qa8+ Kg7 41. Qxb7 Qxh3+ 42. Kg1 Qg4+ 43. Kh1 Qh4+ 44. Kg2 Qxc4 45.
Qxe7 Qe6 46. Qb7 h5 47. Kg3 Qg4+ 48. Kh2 Qf4+ 49. Kh3 Kg6 50. Qa8 Qg4+ 51. Kh2
Qh4+ 52. Kg2 Qd4 53. Kh3 f5 54. Qe8+ Kg5 55. Qg8+ Kf4 56. Qg3+ Ke4 57. Qg2+ Ke5
58. Qg7+ Kd5 59. Qg8+ Kd6 60. Qg6+ Ke5 61. Qg7+ Ke4 62. Qg2+ Ke3 63. Qg1+ Kd3
64. Qf1+ Kd2 65. Qxf5 h4 66. Qg5+ Qe3+ 67. Qxe3+ Kxe3 1/2-1/2